000 00890nam a2200217 a 4500
001 BRCA_1862
005 20190320203559.0
008 060608s1998----sp-a---###---#000-0#spa-#
020 _a8470505386
041 _aspa
044 _asp
050 4 _aBX4705.R5
_b.T47 1998
245 1 0 _aEl tesoro de la palabra
_blas biblias de San Juan de Ribera
_ctextos Juan José Garrido Zaragozá ... [et al.].
260 _aValencia
_bReal Colegio Seminario de Corpus Christi
_c1998
300 _a139 p.
_bil. (algunas a color)
_c27 cm.
500 _aCatálogo de la exposición realizada en el Real Colegio Seminario de Corpus Christi (Valencia), 19 noviembre, 1998 - 14 enero, 1999
500 _aIncluye un listado de las Biblias de la Biblioteca de San Juan de Ribera
600 1 4 _aRibera, Juan de
_cSanto
_d1532-1611
_xBiblia
_95774
700 1 _aGarrido Zaragozá, Juan José
_95775
942 _2lcc
_cB
999 _c1640
_d1640